Of closures & new beginnings / (Record no. 170481)
[ view plain ]
| 000 -LEADER | |
|---|---|
| fixed length control field | 00525nam a2200181 4500 |
| 005 - DATE AND TIME OF LATEST TRANSACTION | |
| control field | 20191216162819.0 |
| 010 ## - LCCN (DPL NO) | |
| LC control number | ENG-127155 |
| 020 ## - INTERNATIONAL STANDARD BOOK NUMBER | |
| International Standard Book Number | 9789352877911 |
| Terms of availability | 495.00 |
| 035 ## - SYSTEM CONTROL NUMBER | |
| System control number | EN-110687 |
| 037 ## - SOURCE OF ACQUISITION | |
| Source of stock number/acquisition | DBAD/PUB |
| 082 ## - DEWEY DECIMAL CLASSIFICATION NUMBER | |
| Classification number | N |
| 100 ## - MAIN ENTRY--PERSONAL NAME | |
| Personal name | Saniya |
| 245 ## - TITLE STATEMENT | |
| Title | Of closures & new beginnings / |
| Statement of responsibility, etc | by Saniya |
| 260 ## - PUBLICATION, DISTRIBUTION, ETC. (IMPRINT) | |
| Place of publication, distribution, etc | Hyderabad |
| Name of publisher, distributor, etc | Orient Blankswan Private |
| Date of publication, distribution, etc | 2019 |
| 270 ## - ADDRESS | |
| Address | 3-6-752 Himayatnagar, Hyderabad |
| City | Telangana |
| Postal code | 500029 |
| Electronic mail address | indo@orientblackswan.com |
| 300 ## - PHYSICAL DESCRIPTION | |
| Extent | xvi;257p . |
| Dimensions | 21cm(pbk) |
| 942 ## - ADDED ENTRY ELEMENTS (KOHA) | |
| Source of classification or shelving scheme | Dewey Decimal Classification |
| Item type | English Books |
| Classification part | N |
| Call number suffix | SAN |
| Withdrawn status | Lost status | Not for loan | Collection code | Home library | Current library | Date acquired | Source of acquisition | Cost, normal purchase price | Full call number | Barcode | Copy number | Cost, replacement price | Koha item type |
|---|---|---|---|---|---|---|---|---|---|---|---|---|---|
| Fiction | Central Library | Central Library | 16/12/2019 | DBAD/PUB | 495.00 | N SAN | EN-110687 | 1 | 495.00 | English Books |
